九大合格者数10人以上の高校(2025年) - Statistics

General Stats
  • This quiz has been taken 11 times
  • The average score is 30 of 51
Answer Stats
人数 所在地 学校名 % Correct
136 福岡 修猷館
100%
70 大分 大分上野丘
100%
57 熊本 熊本
100%
33 福岡 久留米大学附設
100%
27 山口 山口
100%
110 福岡 福岡
91%
53 福岡 小倉
91%
37 鹿児島 鶴丸
91%
31 佐賀 佐賀西
91%
20 鹿児島 ラ・サール
91%
12 広島 広島
91%
31 熊本 済々黌
82%
30 長崎 長崎西
82%
14 宮崎 宮崎西
82%
56 福岡 明善
73%
48 福岡 東筑
73%
16 岡山 岡山朝日
73%
13 山口 下関西
73%
12 山口 宇部
73%
12 香川 高松
73%
12 大分 大分舞鶴
73%
10 山口 徳山
73%
107 福岡 筑紫丘
64%
48 福岡 福岡大学附属大濠
64%
19 愛媛 松山東
64%
14 福岡 八幡
64%
11 広島 広島学院
64%
10 長崎 佐世保北
64%
10 長崎 青雲
64%
48 福岡 城南
55%
20 広島 基町
55%
18 佐賀 唐津東
55%
13 宮崎 宮崎大宮
55%
12 福岡 春日
55%
15 広島 修道
45%
27 福岡 西南学院
36%
21 鹿児島 甲南
36%
18 宮崎 都城泉ヶ丘
36%
15 福岡 伝習館
27%
13 福岡 宗像
27%
13 佐賀 致遠館
27%
11 広島 舟入
27%
11 大分 大分豊府
27%
10 兵庫 長田
27%
15 福岡 九州産業大学付属九州
18%
11 福岡 香住丘
18%
21 福岡 九州産業大学付属九州産業
9%
14 福岡 九州国際大学付属
9%
11 福岡 福岡舞鶴
9%
10 福岡 明治学園
9%
10 福岡 筑陽学園
9%
No matching quizzes found
Score Distribution
Percent of People with Each Score
Percentile by Number Answered
Your Score History
You have not taken this quiz